000 00573ntaaa2200193 4500
003 01
005 20251027202003.0
008 0714s1973 ag 01
040 _aAR-BaBN
_bspa
_cAR-BaBN
_eaacr
_dRIC
082 _a260.0000 St8
100 _aStreeter, Burnett Hillman
_913025
245 _aPrimitive church; studied with special reference to the origins of the Christian ministry.
250 _a1 ed. :
_bMacmillan,
_cc/929
300 _axiii, 323 p.
650 _aTeología Ecesiástica
_918466
650 _aMinisterio Cristiano
_91342
650 _aIglesia
942 _cBK
999 _c14609
_d14609